000 00413nam a22001697a 4500
003 BD-DhUIB
005 20251011185100.0
008 251011b |||||||| |||| 00| 0 eng d
040 _aBD-DhUIB
_cBD-DhUIB
050 _a658.00212
082 _222
100 _aNewbold, Paul.
_9376
245 _aStatistics for business and ecnonomics/
_cby Paul Newbold.
250 _a8th ed.
526 _aBBA.
942 _2ddc
_cBK
999 _c513
_d513